000 00632nam a22002177a 4500
005 20170124110220.0
010 _aB-166082
020 _c200.00
_a8188322555
035 _aB-166082
037 _bCen Lib/ Ret
040 _aDPL
_bEN
082 _a158.12
_bNAR
100 _aNarayan, Arvind
_939606
245 _aLet us learn meditation /
_cby Arvind Narayan
260 _aNew Delhi
_bOcean Books
_c2005
270 _bNew Delhi
_a4/19 asaf ali road
_e110002
300 _a182p.
_c21cm(Hb)
650 _aMeditations
_x
_939607
650 _aChurch year meditations
_939608
942 _2ddc
_cEN
_h158.12
_mNAR
999 _c134040
_d134040